| 000 | 01171nam a22003497a 4500 | ||
|---|---|---|---|
| 001 | 0011619 | ||
| 003 | KOHA_MİRAKIL | ||
| 005 | 20260207001823.0 | ||
| 007 | ta | ||
| 008 | 091215b tu |||gr||||#0|||0|tur | | ||
| 020 | _c0,01 | ||
| 040 |
_aTR-BiSEU _btur _cTR-BiSEU _erda |
||
| 041 | 0 | _atur | |
| 044 | _ctu | ||
| 050 |
_aDR736 _b.A45 [t.y.] |
||
| 100 | 0 | _aAli Seydi. | |
| 240 | 1 | 0 |
_aTeşrifât ve teşkilât-ı kadimemiz _lTürkçe |
| 245 | 1 |
_aTeşrifat ve teşkilatımız = _bTeşrifât ve teşkilât-ı kadimemiz/ _cAli Seydi ; Ali Seydi Bey; editör Niyazi Ahmet Banoğlu. |
|
| 264 | 1 |
_aİstanbul : _bTercüman _c[t.y.] |
|
| 300 | _a279 sayfa: resimli; 20 cm. | ||
| 336 |
_ametin _btxt _2rdacontent |
||
| 337 |
_aaracısız _bn _2rdamedia |
||
| 338 |
_acilt _bnc _2rdacarrier |
||
| 490 | 1 |
_aTercüman 1001 temel eser ; _v17. |
|
| 500 | _aParallel title :Teşrifât ve teşkilât-ı kadimemiz. | ||
| 500 | _aIncludes bibliographical references. | ||
| 650 | 0 |
_aTurkey--Court and courtiers. _928310 |
|
| 650 | 0 |
_aTurkey--Social life and customs. _99765 |
|
| 830 | 1 |
_aTercüman 1001 temel eser ; _v17. _912787 |
|
| 907 | _aTarih | ||
| 942 |
_2lcc _cBK |
||
| 999 |
_c11588 _d11588 |
||